000 01124cab a2200205 4500
001 ##L133892
008 060616n2006 000 0 eng u
035 _a(Sirsi) u133892
041 0 _aeng
110 1 _aLondon
_bGreater London Authority
_93989
245 0 0 _aMayor outlines new housing and waste targets to London Plan inquiry
260 _c2006
490 0 _aGLA Press Release
_v(308) 13 June 2006
520 _aThe Mayor of London told a public inquiry that there is capacity for a further 30 650 new homes to be built in the capital each year, representing a 33% increase over the targets published in the London Plan. He also reported that the number, type and potential location of the new and enhanced recycling and waste processing facilities required to meet the target of London managing 85% of its waste by 2020 have now been identified.
590 _aIKA200606
651 4 _aLONDON
690 _aENVIRONMENTAL AND LAND CONSULTANCY-PLANNING AND DEVELOPMENT
856 4 1 _uhttps://www.london.gov.uk/view_press_release.jsp?releaseid=8326
_zView the item free of charge at www.london.gov.uk...
942 _n0
999 _c77248
_d77248